000 00933nam a22002175i 4500
001 164084
003 ES-MaACL
005 20250907063126.0
008 010501s1864 sp |||| | spa d
040 _aAN
_bspa
_cAN
100 1 _aRubio y Galí, Federico,
_d1827-1902
_9132149
245 1 3 _aEl Ferrando
_b: contestaciones á la crítica de dicho señor al libro chico /
_cpor Federico Rubio.
260 _aSevilla :
_bImprenta, librería y litografía de D.J. Geofrin,
_c1864.
300 _aXV, 249 p. ;
_c15 cm.
530 _aDisponible en formato digital.
650 7 _aAntropología filosófica
_2embne
_99891
650 7 _aAntropología médica
_2embne
_9149646
852 _aES-MaACL
_jT-408-F-5
_z-- Enc. hol.
_z-- Dedic. ms. del autor al Ateneo de Madrid
_z-- Enc. en un vol. facticio
856 _uhttp://bdh-rd.bne.es/viewer.vm?id=0000074660&page=1
_zBiblioteca Digital Hispánica
999 _c164084
_d164084